Five hundred mathematical challenges /
Guardado en:
| Autor Principal: | |
|---|---|
| Otros Autores: | , |
| Formato: | Libro |
| Idioma: | English |
| Publicado: |
[Washington, D.C.] :
Mathematical Association of America,
c1995.
|
| Series: | MAA spectrum.
|
| Materias: | |
| Acceso en línea: | Publisher description |
| Etiquetas: |
Agregar Etiqueta
Sin Etiquetas, Sea el primero en etiquetar este registro!
|
| LEADER | 01189cam a2200289 a 4500 | ||
|---|---|---|---|
| 001 | MAT.inmabb003786 | ||
| 008 | 950707s1995####dcua##########001#0#eng## | ||
| 005 | 20130312113105.0 | ||
| 245 | 1 | 0 | |a Five hundred mathematical challenges / |c Edward J. Barbeau, Murray S. Klamkin, William O. J. Moser. |
| 260 | |a [Washington, D.C.] : |b Mathematical Association of America, |c c1995. | ||
| 300 | |a xi, 227 p. : |b il. ; |c 27 cm. | ||
| 490 | 1 | |a Spectrum series | |
| 521 | |a "Directed to students in high school, college and university ... None of the problems require calculus." | ||
| 505 | 0 | |a Problems -- Solutions -- The tool chest -- Index of problems. | |
| 020 | |a 0883855194 (pbk.) | ||
| 100 | 1 | |a Barbeau, Edward, |d 1938- | |
| 700 | 1 | |a Klamkin, Murray S. | |
| 700 | 1 | |a Moser, W. O. J. | |
| 830 | 0 | |a MAA spectrum. | |
| 246 | 1 | 8 | |a 500 mathematical challenges |
| 650 | 0 | |a Mathematics |v Problems, exercises, etc. | |
| 084 | |a 00A07 (00A08) |2 msc2000 | ||
| 010 | |a 95078644 | ||
| 040 | |a DLC |c DLC |d DLC | ||
| 856 | 4 | 2 | |3 Publisher description |u http://www.loc.gov/catdir/description/cam027/95078644.html |
| 859 | |h 00A07 |i B233 |p A-7674 |b BIB. MATEMATICA | ||
| 859 | |h 00A07 |i B233 |p A-7915 |t Ej. 2 |b BIB. MATEMATICA | ||
